000 00535nam a2200193Ia 4500
005 20250923144248.0
008 008 250917s9999 xx 000 0 eng d
037 _aTextual
040 _aDSWL
_beng
_cDSWL
041 _aeng
_2eng
084 _aZ0wY, N47
_qDSWL
100 _aBieneneeld, F.R
_9822984
245 0 _aRediscivery of justuce
_cby F.R Bieneneeld
260 _aLondon
_c1947
300 _a263 p.
700 _aN Bandyopathyaya
_9822985
942 _cTEXL
_hZ0wY, N47
999 _c1436744
_d1436744